00320nam a2200109Ia 4500008004100000082000800041100001900049245002600068942000600094952009500100999001500195240331s9999 xx 000 0 und d bTha aThangeswary, K 0aKulakoddan tharisanam cL 001040708LaWERCLbWERCLcSSCd2024-03-31l0o 719 Thap1861r2024-03-31w2024-03-31yL c3702d3702